000 00497nam a2200181Ia 4500
999 _c29274
_d29274
003 OSt
005 20201207110741.0
008 190216s9999||||xx |||||||||||||| ||und||
020 _a9788124016152
040 _coclc
082 _a894.8124
_bREK/S
100 _aRekha, K
_97240
245 0 _aSnehithane Snehithane /
_cK Rekha
260 _bCurrent Books,
_aKottayam:
_c2007.
300 _a71p
650 _aOormakurip
942 _cBK
_2ddc
_h894.8124
_iREK/S
_k894.8124
_mREK/S